Frontier and overseas expeditions from India / (Record no. 552253)
[ view plain ]
| 000 -LEADER | |
|---|---|
| fixed length control field | 00993cam a2200157 a 4500 |
| 082 00 - DEWEY DECIMAL CLASSIFICATION NUMBER | |
| Classification number | 355.00941 |
| Author Mark | FRO |
| -- | D |
| 245 00 - TITLE STATEMENT | |
| Title | Frontier and overseas expeditions from India / |
| Statement of responsibility, etc. | compiled in the Intelligence Branch, Army Headquarters, India. |
| 250 ## - EDITION STATEMENT | |
| Edition statement | 1st Indian reprint. |
| 260 ## - PUBLICATION, DISTRIBUTION, ETC. | |
| Place of publication, distribution, etc. | Delhi : |
| Name of publisher, distributor, etc. | Mittal Publications, |
| Date of publication, distribution, etc. | 1983. |
| 300 ## - PHYSICAL DESCRIPTION | |
| Extent | 7 v. in 8 : |
| Other physical details | ill., maps (some folded) ; |
| Dimensions | 23 cm. |
| 505 1# - FORMATTED CONTENTS NOTE | |
| Formatted contents note | v. 1, pt. 1. Tribes north of the Kabul river. pt. 2, Supplement, operations against the Mohmands -- v. 2. North-West Frontier tribes between the Kabul and Gumal Rivers -- v. 3. Baluchistan and the First Afghan War -- v. 4. North & North-Eastern Frontier tribes -- v. 5. Burma -- v. 6. Overseas expeditions, including Africa, Ceylon and the Islands of the Indian Ocean, Arabia and Persia, Malay Peninsula and Archipelago, China -- v. 7. Official account of the Abor expeditions. |
| 526 ## - STUDY PROGRAM INFORMATION NOTE | |
| Program name | 0 |
| Interest level | 0 |
| Reading level | 0 |
| Title point value | 355_009410000000000_FRO |
| 650 ## - SUBJECT ADDED ENTRY--TOPICAL TERM | |
| Topical term or geographic name entry element | MCE |
| 9 (RLIN) | 379 |
| 710 1# - ADDED ENTRY--CORPORATE NAME | |
| Corporate name or jurisdiction name as entry element | India. |
| 9 (RLIN) | 39679 |
| 942 ## - ADDED ENTRY ELEMENTS (KOHA) | |
| Source of classification or shelving scheme | |
| Koha item type | Book |
| Withdrawn status | Lost status | Source of classification or shelving scheme | Damaged status | Not for loan | Permanent Location | Current Location | Date acquired | Total Checkouts | Full call number | Barcode | Date last seen | Price effective from | Koha item type |
|---|---|---|---|---|---|---|---|---|---|---|---|---|---|
| Military College of Engineering (MCE) | Military College of Engineering (MCE) | 01/13/2015 | 355.00941 FRO | MCE-ECF/35.2 | 01/13/2015 | 01/13/2015 | Book |
